| 000 | 00587nam a2200193Ia 4500 | ||
|---|---|---|---|
| 003 | IN-BaIIA | ||
| 008 | 211028s9999 xx 000 0 eng d | ||
| 020 | _a3-540-16187-2 | ||
| 040 | _cIIA Library | ||
| 080 |
_a524.8 _bBOR |
||
| 100 |
_aBorner, G. _97727 |
||
| 245 | 4 |
_aThe early universe _bfacts and fiction _cG. Borner |
|
| 260 |
_aBerlin _bSpringer-Verlag _c1988 |
||
| 300 | _axiv, 439p. | ||
| 490 | _aTexts and monographs in physics | ||
| 650 | _aAstronomy and astrophysics thesaurus | ||
| 650 |
_aUniverse _91987 |
||
| 942 | _cBK | ||
| 999 |
_c10314 _d10314 |
||